Why music matters (Record no. 37874)
[ view plain ]
| 000 -LEADER | |
|---|---|
| fixed length control field | 01432nam a2200337 a 4500 |
| 082 04 - DEWEY DECIMAL CLASSIFICATION NUMBER | |
| Classification number | 781.1/7 |
| 100 1# - MAIN ENTRY--AUTHOR NAME | |
| Personal name | Hesmondhalgh, David, |
| 245 10 - TITLE STATEMENT | |
| Title | Why music matters |
| 260 ## - PUBLICATION, DISTRIBUTION, ETC. (IMPRINT) | |
| Place of publication | Chichester ; |
| -- | Malden, Mass. : |
| Name of publisher | Wiley Blackwell, |
| Year of publication | 2013. |
| 300 ## - PHYSICAL DESCRIPTION | |
| Number of Pages | vi, 198 p. : |
| Other physical details | ill. |
| 505 0# - FORMATTED CONTENTS NOTE | |
| Formatted contents note | Music as intimate and social, private and public -- Feeling and flourishing -- Love and sex -- Sociability and place -- Commonality and cosmopolitanism. |
| 650 #0 - SUBJECT ADDED ENTRY--TOPICAL TERM | |
| Topical Term | Music |
| Topical Term | Music |
| 856 40 - ELECTRONIC LOCATION AND ACCESS | |
| Uniform Resource Identifier | http://site.ebrary.com/lib/rucke/Doc?id=10728357 |
No items available.
